[Event "110th Anniversary Open 2020"]
[Site "Hilleroed"]
[Date "2020.02.12"]
[Round "6.8"]
[White "Andersen, Soren Bull"]
[Black "Kvendseth, Thyra"]
[Result "0-1"]
[WhiteElo "2100"]
[BlackElo "1889"]
[Annotator "TA"]
[PlyCount "78"]
[EventDate "2020.02.08"]
[EventType "swiss"]
[EventCountry "DEN"]
[SourceTitle "playchess.com"]
[Source "ChessBase"]
[SourceQuality "1"]

{[%evp 18,80,33,-9,0,-71,-71,-76,-80,-77,-59,-210,-205,-202,-212,-222,-205,-287,-274,-319,-296,-321,-300,-316,-310,-406,-418,-412,-280,-450,-460,-495,-486,-514,-514,-450,-383,-360,-380,-409,-362,-720,-699,-720,-706,-697,-684,-906,-893,-977,-967,-1033,-1033,-1033,-1026,-1010,-1000,-985,-982,-976,-952,-903,-840,-757,-726]} 1. d4 Nf6 2. c4 g6 3. Nc3 Bg7 4. e4 d6 5. f3 O-O 6. Be3 c6 7. Qd2 a6 8. Bd3 b5 9. Nge2 Nbd7 10. g4 e5 {[#] E81: King's Indian: Sämisch: 6th move deviations (including 6 Be3 c6).} 11. h4 $146 (11. d5 $11 {remains equal.}) ({Predecessor:} 11. d5 cxd5 12. cxd5 h5 13. gxh5 Nxh5 14. O-O-O Qa5 15. Rdg1 Rb8 16. Kb1 Ndf6 17. Bh6 Bd7 18. Bxg7 Kxg7 {1-0 (32) Bue,G (1821)-Svanholm,B (1993) Fagernes 2011}) 11... exd4 $17 12. Nxd4 Ne5 {[#] Threatens to win with ...c5.Black is better.} 13. Be2 c5 14. Ndxb5 $2 (14. Nc2 $15) 14... axb5 $19 15. cxb5 Be6 16. Bf4 Qc7 17. Bxe5 dxe5 18. a4 Rfd8 19. Qc2 h5 {[%cal Rh5g4]} 20. g5 Nd7 21. Kf2 c4 22. Rhd1 Bf8 23. Kg2 $2 (23. Nd5 {only move.} Bxd5 24. Rxd5) 23... Nc5 24. Rxd8 Rxd8 ({Weaker is} 24... Qxd8 25. Rd1 $19) 25. Nd5 Bxd5 26. exd5 Nb3 27. Rd1 Rc8 28. d6 Bxd6 29. Bxc4 $2 (29. b6 Qxb6 30. Bxc4 Rxc4 31. Qxc4) 29... Qxc4 {Black is clearly winning.} 30. Qxc4 Rxc4 31. Rxd6 Rxa4 {[%mdl 4096] Endgame KRN-KR} 32. Rd5 Rb4 33. Rxe5 Nd4 34. Re4 Rxb2+ 35. Kg3 Nf5+ 36. Kh3 Rxb5 37. Kg2 Rb2+ 38. Kg1 Rd2 39. Ra4 {[#]} Kg7 {Played: Rd2-d4} 0-1

[Event "110th Anniversary Open 2020"]
[Site "Hilleroed"]
[Date "2020.02.12"]
[Round "6.9"]
[White "Jensen, Thore Nyboe"]
[Black "Bronnum, Jan"]
[Result "1-0"]
[WhiteElo "2006"]
[BlackElo "2034"]
[Annotator "TA"]
[PlyCount "141"]
[EventDate "2020.02.08"]
[EventType "swiss"]
[EventCountry "DEN"]
[SourceTitle "playchess.com"]
[Source "ChessBase"]
[SourceQuality "1"]

{[%evp 9,141,22,28,-4,-3,-36,-29,-39,-35,-38,10,0,-3,0,0,-8,6,-8,-5,-32,-8,-29,58,57,62,64,71,56,72,82,62,45,60,36,81,79,50,-120,-39,-86,0,0,0,0,0,0,102,0,330,312,317,316,312,235,228,218,227,227,219,214,194,138,133,134,474,475,446,264,261,261,254,254,254,231,307,295,320,267,343,353,319,254,329,322,420,406,427,348,588,588,581,595,483,595,573,465,470,467,537,507,2529,2478,2191,2063,2143,1989,2623,2423,2103,1885,1970,1522,12838,12839,12838,12839,12843,12843,12844,12843,12844,12845,12845,12845,12846,12846,12847,12845,12846,12846,12847,12848,12849,12849]} 1. e4 d5 2. exd5 Qxd5 3. Nc3 Qa5 4. Bc4 c6 5. a3 Nf6 6. b4 {B01: Scandinavian Defence.} Qc7 {[#]} 7. Nge2 $146 ({Predecessor:} 7. Qe2 Bf5 8. Nf3 e6 9. Nd4 Qf4 10. Nxf5 Qxf5 11. O-O Bd6 12. Qd3 Bxh2+ 13. Kxh2 {1-0 (27) Horvath,M (1950)-Kaszas,S (2100) Hungary 2015}) 7... b5 8. Bb3 {Black has an edge.} a5 9. Bb2 Bg4 10. bxa5 e6 11. O-O Bd6 12. h3 Bh5 13. d3 $36 {[%mdl 2048] White is pushing.} Nbd7 14. Qd2 Bg6 15. Nd4 e5 (15... O-O $11) 16. Ndxb5 cxb5 17. Nxb5 Qb8 18. Nxd6+ Qxd6 19. Qb4 Qc7 20. f4 {Strongly threatening fxe5.} Rb8 ({Much weaker is} 20... Rxa5 $6 21. Rae1 $16) 21. Qe1 {[%cal Rf4e5]} O-O {Hoping for ...Bxd3!} 22. fxe5 Rfe8 23. Qg3 $2 {[#]} (23. Qc3 $1 $14 {keeps the upper hand.} Qxe5 24. Qxe5 Nxe5 25. a6) 23... Nh5 ({But not} 23... Nxe5 $6 24. Rae1 $11) ({Black should try} 23... Nc5 $1 $17 24. Qf2 Nd5) 24. Qh2 Nxe5 (24... Nc5 $17 25. g4 Nxb3 26. cxb3 Rxb3 27. gxh5 Bxh5) 25. Rae1 $1 $11 {[%cal Re1e5]} Qa7+ 26. Kh1 Nd7 27. Qd6 {Threatens to win with Bd4.} Nhf6 (27... Nf8 $11) 28. a6 (28. Rxe8+ $16 Rxe8 29. a6) 28... Qb6 $2 {[%mdl 8192]} (28... Rxe1 $11 {and Black has nothing to worry.} 29. Rxe1 Rb6) 29. Rxe8+ $18 {[%mdl 64] [#] Overworked Piece} Rxe8 30. Qxb6 Nxb6 31. Bxf6 gxf6 32. Rxf6 Nc8 33. Rc6 Ne7 34. Rc7 Kf8 35. Bc4 (35. g4 $18) 35... Ra8 $16 36. a7 Ke8 $2 {[%mdl 8192]} (36... Bf5 $16) 37. Rb7 {Rb8+ is the strong threat.} Nc8 38. Rb8 (38. Bb5+ $142 Kf8 39. Rb8 Rxa7 40. Rxc8+ Ke7 41. a4) 38... Rxa7 $18 39. Rxc8+ {[%mdl 4096] Endgame KRB-KRB} Kd7 40. Rb8 Rxa3 41. Rb7+ Ke8 42. Kh2 Rc3 43. Bb3 h5 44. Kg3 Rc5 45. h4 Kf8 46. Rd7 Kg7 47. Rd5 Rc7 48. Kf4 Kf6 $2 (48... Rb7 49. g3 Rb6) 49. g4 {White is clearly winning.} hxg4 50. h5 Bh7 51. Rd6+ Kg7 52. Kxg4 f6 53. c4 Rc5 54. h6+ Kf7 (54... Kxh6 $142 55. Rxf6+ Kg7) 55. d4 Rg5+ 56. Kf4 Rf5+ 57. Ke3 Rh5 58. c5+ Ke7 59. Re6+ Kd8 60. Rxf6 Rh3+ 61. Rf3 Rxh6 62. d5 Bg6 63. d6 Be8 64. Bd5 Rh5 65. Kd4 Rh4+ 66. Ke5 Rh5+ 67. Rf5 {Rxh5 would kill now.} Rh2 68. c6 {Threatening mate with c7+.} Re2+ 69. Kf6 Rc2 70. c7+ Kd7 71. Be6+ {Accuracy: White = 76%, Black = 53%.} 1-0

[Event "110th Anniversary Open 2020"]
[Site "Hilleroed"]
[Date "2020.02.12"]
[Round "6.10"]
[White "Ostergaard, Jens"]
[Black "Lohia, Sohum"]
[Result "1-0"]
[WhiteElo "2229"]
[BlackElo "2025"]
[Annotator "TA"]
[PlyCount "45"]
[EventDate "2020.02.08"]
[EventType "swiss"]
[EventCountry "DEN"]
[SourceTitle "playchess.com"]
[Source "ChessBase"]
[SourceQuality "1"]

{[%evp 22,45,26,29,45,41,38,40,67,57,192,181,178,161,216,222,207,214,210,214,230,239,680,680,29998,29999]} 1. d4 Nf6 2. Nf3 g6 3. c4 Bg7 4. Nc3 O-O 5. e4 d6 6. Be2 e5 7. O-O Nc6 8. Be3 exd4 9. Nxd4 Re8 10. f3 Nh5 11. f4 Nf6 12. Bf3 Ng4 {E94: King's Indian: Classical: 6 Be2 e5 7 0-0: Various Black 7th moves.} 13. Bxg4 Bxg4 14. Qd2 {[#]} Nxd4 $146 {White is slightly better.} ({Predecessor:} 14... Na5 15. Qd3 f5 16. Nxf5 gxf5 17. Qd5+ Kh8 18. Qxa5 c5 19. Qxd8 Raxd8 20. Rac1 Bxc3 21. Rxc3 Rxe4 {½-½ (32) Jakovenko,D (2730)-Kokarev,D (2615) Khanty-Mansiysk 2017}) 15. Bxd4 Be6 (15... Bd7 $14) 16. Bxg7 $18 Kxg7 17. f5 $36 {[%mdl 2048] White is really pushing.} Bd7 {[#]} (17... gxf5 $142 18. exf5 Bd7) 18. f6+ $1 ({But not} 18. fxg6 $6 hxg6 19. Qd4+ Re5 $16) 18... Kh8 {[#]} 19. Qh6 $1 {[%csl Gf6][%cal Rh6g7][%mdl 512]} Rg8 20. Nd5 Bc6 21. Ne7 Bxe4 $2 (21... Qf8 22. Qe3 (22. Nxg8 Kxg8 23. Qe3 Re8 $16) 22... h5) 22. Rf4 {Threatening mate with Qxh7+!} Bd3 {[#]} 23. Qxh7+ $1 {[%mdl 512] Accuracy: White = 100%, Black = 37%.} 1-0

[Event "110th Anniversary Open 2020"]
[Site "Hilleroed"]
[Date "2020.02.12"]
[Round "6.11"]
[White "Lilja, Richard"]
[Black "Alquist, Erik"]
[Result "1/2-1/2"]
[WhiteElo "2123"]
[BlackElo "2013"]
[Annotator "TA"]
[PlyCount "150"]
[EventDate "2020.02.08"]
[EventType "swiss"]
[EventCountry "DEN"]
[SourceTitle "playchess.com"]
[Source "ChessBase"]
[SourceQuality "1"]

{[%evp 11,149,9,7,0,5,0,3,1,0,-35,-31,-32,-29,-31,-27,-62,-29,-33,0,0,-12,-29,-15,-55,-21,-30,-15,-15,-15,-15,6,-29,-15,-17,0,-18,-15,-25,-18,-20,-19,-14,-14,-22,0,-8,0,-7,0,0,0,0,0,0,0,0,2,-4,-2,-8,0,-32,41,42,72,72,74,0,0,0,0,0,0,0,0,0,0,-144,-158,-170,0,-118,-118,-118,0,0,0,0,0,0,0,-118,-9,-9,-9,-118,0,-118,0,0,0,0,0,0,54,0,0,0,0,0,0,-8,-8,-8,-8,-8,-8,-8,-8,-8,-8,-305,-305,-305,-305,-305,-8,-8,-8,-8,-8,-8,-8,-8,-8,-8,-8,-8,0,-8]} 1. e4 c5 2. Nc3 Nc6 3. Bb5 Nd4 4. Bc4 e6 5. Nf3 Nf6 6. O-O a6 7. d3 {B30: Sicilian: 2...Nc6 3 Bb5, lines without ...g6.} b5 8. Bb3 $1 Nxb3 9. axb3 Bb7 10. Bg5 h6 11. Bh4 d6 12. Qe2 Be7 {[#]} 13. Rfe1 $146 ({Predecessor:} 13. Nd1 O-O 14. c4 d5 15. exd5 exd5 16. Ne3 Re8 17. d4 dxc4 18. bxc4 cxd4 19. Rad1 {1-0 (29) Hunt,H (2439)-Palliser,R (2426) England 2015}) 13... O-O 14. Rad1 Nd7 15. Bxe7 Qxe7 16. Nb1 Rac8 17. e5 dxe5 18. Nxe5 Nxe5 19. Qxe5 Rfd8 20. Nc3 Qd6 21. Qh5 Qf4 22. Re3 Qf6 23. Rde1 c4 24. bxc4 bxc4 25. Rd1 Rd4 26. dxc4 Rcxc4 27. Rxd4 Rxd4 28. Qe5 Qxe5 29. Rxe5 $11 {[%mdl 4096] Endgame KRB-KRN} Rd2 30. Re2 Rxe2 31. Nxe2 {KB-KN} Kf8 32. f3 Ke7 33. Kf2 e5 34. Ke3 f5 35. b4 g5 36. g3 h5 (36... f4+ $15 37. Kf2 Bc6) 37. f4 $14 exf4+ 38. gxf4 Kf6 39. c4 (39. fxg5+ $16 Kxg5 40. c4) 39... g4 $11 40. Nd4 h4 41. Kf2 Be4 42. Ke3 Ke7 43. Ne2 Kd6 44. Kd4 (44. Nd4 $11) 44... Bf3 $17 45. Ng1 Be4 $2 (45... Bg2 $1 $19 {White must now prevent ...Bf1.} 46. Ne2 Bf1) 46. Kc3 (46. Ke3 $11) 46... Kc6 47. Kd4 Kd6 ({Better is} 47... Kb6 $17 48. Ne2 Bf3) 48. Ke3 Kc6 49. Ne2 Kd7 50. Nc3 Bc6 51. Nd1 (51. Kf2 $1 $11) 51... Kd6 (51... g3 $17 52. hxg3 h3) 52. Kf2 $1 $11 Be4 53. Ke3 (53. Ne3 $11 {remains equal.}) 53... Bf3 (53... Bc2 $1 $17 {[%cal Rc2d1]} 54. Nf2 Kc7) 54. Nf2 {[#]} (54. Nc3 $11 {keeps the balance.}) 54... Bc6 (54... Bg2 $1 $17 55. Nd1 Bf1 56. c5+ Kd5 57. Nc3+ Kc6) 55. Nd3 Bg2 56. Kf2 Bc6 57. Ne5 Kc7 {[#]} (57... h3 $11) 58. Ng6 (58. h3 $1 $14 {[%mdl 512]} g3+ (58... gxh3 59. Nxc6) 59. Kg1) 58... h3 59. Ne5 Kb6 60. Kg3 Bg2 61. Kf2 a5 62. bxa5+ Kxa5 63. Kg3 Kb4 {Threatens to win with ...Kc5.} 64. Nxg4 fxg4 65. f5 {f6 is the strong threat.} Kxc4 {Hoping for ...Kd5.} 66. Kxg4 $2 {[%mdl 8192] KB-KPP} (66. f6 $1 $11 {and White is okay.} Bd5 67. Kxg4) 66... Kd5 67. Kg5 Ke5 68. f6 Bd5 $2 (68... Ke6 $19 69. Kg6 Bd5) 69. Kh4 {The position is equal.} Be6 {[#]} 70. f7 $1 {[%cal Rf7f8][%mdl 512]} Bxf7 {And now ...Be6 would win.} 71. Kxh3 Kf4 72. Kh4 Bg6 73. Kh3 Kf3 74. Kh4 Kf4 75. h3 Bf7 {Accuracy: White = 73%, Black = 76%.} 1/2-1/2

[Event "110th Anniversary Open 2020"]
[Site "Hilleroed"]
[Date "2020.02.14"]
[Round "8.1"]
[White "Stanford, Maxim Barth"]
[Black "Gukesh D"]
[Result "1/2-1/2"]
[WhiteElo "2339"]
[BlackElo "2542"]
[Annotator "TA"]
[PlyCount "34"]
[EventDate "2020.02.08"]
[EventType "swiss"]
[EventCountry "DEN"]
[SourceTitle "playchess.com"]
[Source "ChessBase"]
[SourceQuality "1"]

{[%evp 11,21,18,18,18,18,8,23,26,32,31,29,25]} 1. e4 c5 2. Nf3 Nc6 3. Bb5 e6 4. O-O Nge7 5. Re1 Nd4 6. Nxd4 cxd4 7. d3 {B30: Sicilian: 2...Nc6 3 Bb5, lines without ...g6.} a6 8. Ba4 b5 9. Bb3 Nc6 10. Nd2 Bb7 11. Qh5 {[#]} {Predecessor:} Qf6 $146 12. Rf1 Rc8 13. f4 Na5 14. f5 g6 15. fxg6 hxg6 16. Qe2 Qe5 17. Nf3 Qh5 {0-1 (42) Heberla,B (2565)-Fedorov,A (2555) Czechia 2015} 1/2-1/2

[Event "110th Anniversary Open 2020"]
[Site "Hilleroed"]
[Date "2020.02.14"]
[Round "8.2"]
[White "Ostergaard, Jens"]
[Black "Zeng, Chongsheng"]
[Result "1-0"]
[WhiteElo "2229"]
[BlackElo "2567"]
[Annotator "TA"]
[PlyCount "73"]
[EventDate "2020.02.08"]
[EventType "swiss"]
[EventCountry "DEN"]
[SourceTitle "playchess.com"]
[Source "ChessBase"]
[SourceQuality "1"]

{[%evp 19,73,0,10,7,0,7,5,0,27,22,37,0,0,0,0,0,0,0,0,-7,0,0,0,0,0,0,0,0,0,0,0,0,0,0,0,0,0,0,0,0,0,0,0,0,378,332,749,698,783,769,864,798,29990,29991,29991,1635]} 1. d4 Nf6 2. Nf3 e6 3. c4 d5 4. Nc3 c6 5. e3 Nbd7 6. Qc2 Bd6 7. b3 O-O 8. Be2 b6 9. O-O Bb7 10. Bb2 Rc8 11. Rad1 {D45: Semi-Slav: 5 e3.} c5 12. dxc5 Nxc5 {[#]} 13. Qd2 $146 {The position is equal.} ({Predecessor:} 13. cxd5 Nxd5 14. Bc4 Nb4 15. Qe2 Qe7 16. a3 Nc6 17. b4 Nd7 18. Ne4 Be5 19. Bd3 Bxb2 20. Qxb2 {0-1 (64) Giri,A (2779)-Ding,L (2805) Zagreb 2019}) 13... Qe7 14. cxd5 Nxd5 15. Qd4 {[%cal Rc3d5]} (15. b4 $5 Nd7 16. e4 (16. Nxd5 exd5 17. a3 Bb8 $11) 16... Nxc3 17. Bxc3 Rxc3 18. Qxc3 Bxe4 19. a3 $11) 15... f6 16. Nxd5 Bxd5 17. Bc4 Bxc4 18. Qxc4 Rfd8 19. Nd4 {Strongly threatening Nf5.} Qf7 20. Ba3 Ne4 21. Nc6 {[#]} ({Don't play} 21. Qxe6 Nc3 $17) 21... Bxh2+ $1 {[%mdl 512]} 22. Kxh2 Rxd1 23. Rxd1 {Hoping for Ne7+.} Qh5+ {[%mdl 64] Double Attack} 24. Kg1 Qxd1+ {[#]} 25. Kh2 $1 {[%mdl 512]} Qg4 26. Ne7+ {[%mdl 64] [#] Double Attack} Kf7 $1 27. Nxc8 Qh4+ {[%mdl 64] Double Attack} 28. Kg1 Qxf2+ {[%mdl 64] Double Attack} 29. Kh2 Qg3+ 30. Kh1 Nf2+ 31. Kg1 {aiming for Nd6+.} Qxe3 $2 {[%mdl 8192] [#]} (31... Nh3+ $1 $11 {and Black stays safe.} 32. Kh1 Nf2+ 33. Kg1 Nh3+ 34. Kh1 Nf2+) 32. Kf1 $1 $18 f5 $2 (32... g5 33. g4 Nxg4 34. Qxg4 Kg7) 33. Bc1 Qg3 {Threatens to win with ...Nd3.} 34. Bf4 Qd3+ 35. Kxf2 Qd1 36. Nd6+ Kf6 37. Qc3+ {Accuracy: White = 92%, Black = 69%.} (37. Qc7 $142 Qd4+ 38. Kg3 Qxf4+ 39. Kxf4 e5+ 40. Ke3 g6 41. Ne8+ Ke6 42. Qd6+ Kf7 43. Qd7+ {[%mdl 64] Double Attack} Kf8 44. Nd6 f4+ {[#]} 45. Ke4 $1 {[%mdl 512]} Kg8 46. Qf7+ Kh8 47. Qf8#) 1-0

[Event "110th Anniversary Open 2020"]
[Site "Hilleroed"]
[Date "2020.02.14"]
[Round "8.3"]
[White "Siva Mahadevan"]
[Black "Larsen, Karsten"]
[Result "1-0"]
[WhiteElo "2310"]
[BlackElo "2235"]
[Annotator "TA"]
[PlyCount "111"]
[EventDate "2020.02.08"]
[EventType "swiss"]
[EventCountry "DEN"]
[SourceTitle "playchess.com"]
[Source "ChessBase"]
[SourceQuality "1"]

{[%evp 14,111,15,13,55,39,39,37,39,47,50,50,44,39,28,9,28,23,60,50,97,114,93,75,77,100,156,158,132,132,206,141,141,147,140,87,258,239,200,139,139,139,143,143,435,425,433,434,401,427,452,442,442,442,447,447,549,540,596,471,586,331,375,369,316,333,327,298,304,302,456,450,685,641,679,678,645,634,642,444,444,444,444,444,4634,4634,5892,5305,4641,4634,4634,4631,4627,4627,4627,4614,29977,29976,29984,29985]} 1. e4 e5 2. Nf3 Nc6 3. Bb5 Bc5 4. c3 Nf6 5. d4 Bb6 6. O-O O-O 7. Re1 d6 8. a4 {[%cal Ba2a4,Ba4a5][%mdl 32] [#] Strongly threatening Bxc6.} a6 {C65: Ruy Lopez: Berlin Defence (3...Nf6), unusual lines and 4 0-0 Bc5.} 9. Bxc6 $1 bxc6 10. Bg5 h6 {White is slightly better.} 11. Bh4 Qe7 12. Nbd2 Qe6 13. a5 Ba7 14. Qa4 Rb8 15. Qxc6 {[#]} g5 $146 ({Predecessor:} 15... Rxb2 16. Bxf6 Qxf6 17. Qxc7 Bb8 18. Qc4 exd4 19. cxd4 Ba7 20. Qc3 Rb7 21. Qd3 Re7 {1-0 (51) Guseinov,G (2650)-Kabanov,N (2483) Khanty-Mansiysk 2008}) 16. Bg3 $1 $36 {[%mdl 2048] White fights for an advantage.} (16. Qxc7 Rb7 $17) 16... g4 17. dxe5 (17. Qxc7 Rb7 $17) 17... Bb7 18. Qc4 Qxc4 19. Nxc4 gxf3 (19... Nxe4 $142 20. Nd4 (20. exd6 gxf3 21. dxc7 Rbc8 $11) 20... d5) 20. exf6 $16 fxg2 21. Kxg2 d5 (21... Rfe8 $16) 22. Ne3 ({Don't play} 22. Bxc7 $6 dxc4 23. Bxb8 Rxb8 $16) 22... dxe4 23. Bxc7 Rbc8 24. Bb6 ({Better is} 24. Bf4) 24... Bb8 $2 {[#]} (24... Bxb6 $16 25. axb6 Rc6) 25. Nf5 $1 $18 Kh7 26. Re3 Rg8+ 27. Kh1 Bf4 28. Ne7 {[%mdl 64] Double Attack} Rg5 $2 {[%mdl 8192]} (28... Ra8 $16 29. Nxg8 Rxg8) 29. Nxc8 Bxc8 30. Rxe4 Bb7 31. f3 Bxe4 32. fxe4 {[%mdl 4096] Endgame KRB-KRB} Rh5 33. Bg1 Kg6 34. Rf1 Bc7 35. b4 Rh3 36. Rc1 Kxf6 37. Kg2 Rh4 38. Re1 Rg4+ 39. Kh3 Rg5 40. Bd4+ Ke6 41. e5 Kd5 (41... Rh5+ {was worth a try.} 42. Kg2 Rg5+ 43. Kf3 Rf5+ 44. Ke4 Bxe5) 42. Rf1 Bxe5 (42... Rh5+ $142 43. Kg4 Rg5+ 44. Kh4 Kc4) 43. Bxe5 Rxe5 44. Rxf7 {KR-KR} Re3+ 45. Kh4 Rxc3 46. Rf6 Rc4+ 47. Kh5 Rxb4 48. Rxh6 Ke5 (48... Re4 $142 49. Rg6 (49. Rxa6 Re5+ 50. Kg4 Re4+ 51. Kf3 Rh4 $18) 49... Ke5 50. Rxa6 Re2) 49. Rxa6 Ra4 50. Kg5 Ra2 51. h4 Rg2+ 52. Kh6 Kf5 53. h5 Rh2 54. Rg6 Rh1 55. a6 Rh2 56. Rg5+ {Accuracy: White = 83%, Black = 50%.} 1-0

[Event "110th Anniversary Open 2020"]
[Site "Hilleroed"]
[Date "2020.02.14"]
[Round "8.4"]
[White "Sylvan, Jacob"]
[Black "Jacobsen, Mikkel Manosri"]
[Result "0-1"]
[WhiteElo "2335"]
[BlackElo "2315"]
[Annotator "TA"]
[PlyCount "164"]
[EventDate "2020.02.08"]
[EventType "swiss"]
[EventCountry "DEN"]
[SourceTitle "playchess.com"]
[Source "ChessBase"]
[SourceQuality "1"]

{[%evp 16,164,25,11,31,20,11,24,22,21,11,15,37,43,37,25,16,39,93,68,82,85,83,7,8,8,6,6,6,7,14,0,0,0,0,0,1,0,0,0,0,-34,-27,-34,-34,-34,-34,-34,-34,-37,-37,-43,-28,-34,-34,-81,-81,-81,-81,-84,-86,-157,-113,-122,-112,-103,-87,-108,-108,-116,-71,-81,-80,-94,-90,-116,-116,-116,-116,-116,-116,-116,-116,-110,-104,-116,-116,-116,-116,-116,-116,-130,-111,-104,-104,-130,-116,-130,-103,-112,-114,-114,-114,-114,-114,-108,-108,-100,-111,-105,-108,-121,-31,-31,-23,-76,-76,-76,-76,-76,-76,-76,-76,-68,-14,-14,-14,-50,-20,-20,-20,-20,-18,-55,-20,-20,-12,-18,-9,-76,-76,-29978,-29979,-29979,-29980,-29980,0,0,0,-29980,-29981]} 1. c4 Nf6 2. g3 e6 3. Bg2 d5 4. Nf3 Be7 5. O-O O-O 6. b3 a5 7. Nc3 Nbd7 8. d4 c6 9. Bb2 b6 {A14: English Opening: 1...e6 with b3 by White.} 10. Ne5 Nxe5 11. dxe5 Nd7 {White has an edge.} 12. cxd5 cxd5 13. e4 {[#]} d4 $146 ({Predecessor:} 13... Ba6 14. exd5 Nxe5 15. Qh5 Bxf1 16. Rxf1 Bf6 17. Ne4 Nf3+ 18. Bxf3 Bxb2 19. dxe6 g6 20. exf7+ Rxf7 21. Qg4 Raa7 22. Ng5 Rf5 23. Qc4+ Kh8 24. Ne6 {½-½ (24) Crepinsek,L-Minev,N Maribor 1967}) 14. Qxd4 Bc5 15. Qd2 $1 Nxe5 16. Rfd1 Ba6 ({Black should play} 16... Qxd2 $14 17. Rxd2 Bd7) 17. Na4 $16 Qxd2 18. Rxd2 Bb4 19. Nxb6 (19. Rdd1 $16 Nd3 20. Bd4) 19... Bxd2 $11 20. Nxa8 {aiming for Nc7.} Nd3 $36 {[%mdl 2048] Black fights for an advantage.} 21. Nc7 {And now Rd1 would win.} Nxb2 22. Nxa6 Rc8 23. Bf1 Rc2 24. Bb5 Bc3 25. Rf1 g5 26. a4 h5 27. Nc5 Bd4 28. Nd3 Kg7 29. Nxb2 Rxb2 {[%mdl 4096] Endgame KRB-KRB} 30. Bc4 g4 {[%mdl 1024] Black has compensation.} 31. Kg2 Kg6 32. Bb5 Kf6 33. h3 Ke7 34. hxg4 hxg4 35. e5 Bxe5 36. Re1 Bd4 37. Re2 Rxb3 38. Rc2 (38. Re4 $142 e5 39. Rxg4) 38... Kf6 39. Be8 Bb6 40. Bb5 Ra3 41. Be8 Ke7 42. Bb5 Bd4 43. Rc4 e5 44. Rc7+ Kf8 45. Rc2 f5 46. Bd7 Rf3 47. Bc6 e4 $1 48. Rd2 Bc5 49. Rc2 Bd6 50. Rd2 Ke7 51. Bb5 Bb4 52. Rc2 Kd6 53. Re2 Bc5 54. Rd2+ Ke5 55. Bc6 {Hoping for Rd5+.} Bd4 56. Bb5 Ba7 57. Bc4 Kf6 58. Bb5 {[#]} e3 $1 59. fxe3 Bb8 60. Rd8 Rxg3+ 61. Kf2 Rf3+ 62. Ke2 Ba7 63. Re8 Bc5 (63... Rh3 $1 $17 64. Rf8+ Kg5 65. Rg8+ Kf6 66. Rf8+ Kg6 67. Rg8+ Kf6 68. Rf8+) 64. Bd7 $1 $15 Be7 65. Ra8 (65. Rb8 $1 $11) 65... Bb4 $1 $17 66. Re8 Rh3 $1 67. Re6+ Kg5 68. Re5 Rh2+ $1 69. Kf1 g3 ({Black should try} 69... Kh4 $15 70. Rxf5 Kg3) 70. Rxf5+ $11 Kg6 71. Rd5 Bd2 {( -> ...g2+)} 72. Rd3 Rf2+ 73. Kg1 Re2 {Threatens to win with ...g2.} 74. Bc6 Kg5 75. Kf1 $1 {[%cal Rf1e2]} Rf2+ 76. Kg1 Kg4 77. Bg2 {[#]} (77. Rd4+ $11 Kf5 78. Rd5+ Kg4 79. Rd4+ Kg5 80. Rd5+ Kg4 81. Rd4+) 77... Re2 $1 $17 78. e4 $2 {[%mdl 8192] [#]} (78. Rd4+ $17 Kf5 79. Rd5+ Ke6 80. Rd3) 78... Be3+ $1 79. Kf1 Rf2+ 80. Kg1 Re2+ 81. Kf1 Rf2+ 82. Kg1 Bb6 {Accuracy: White = 77%, Black = 85%.} 0-1